| 000 | 00574nam a22001817a 4500 | ||
|---|---|---|---|
| 005 | 20210616123755.0 | ||
| 008 | 210616b nyu||||| |||| 00| 0 eng d | ||
| 050 | 0 | 4 |
_aTK1191 _bL68 1941 |
| 100 | 1 | _aLovell, Alfred H. | |
| 245 | 1 | 0 |
_aGenerating stations _b: economic elements of electrical design. _cAlfred H. Lovell. |
| 250 | _a3a ed. | ||
| 260 |
_aNew York, NY. : _bMcGraw-Hill, _c1941 |
||
| 300 |
_axiii, 471 p. : _bil. ; _c23 cm. |
||
| 504 | _aIncluye índice | ||
| 650 | 7 |
_2lemb _aCentrales eléctricas |
|
| 650 | 7 |
_2lemb _aEnergía eléctrica |
|
| 942 |
_2lcc _cLIB |
||
| 999 |
_c156223 _d156221 |
||